000 00397nam a2200145Ia 4500
008 231129s1984||||xx |||||||||||||| ||spa||
020 _a84-345-7819-0
040 _bspa
082 _a809 V215m
100 _aValverde José Marí­a
245 0 _aMovimientos literarios
260 _c1984
264 _aMadrid España : Salvat Editores
942 _2ddc
_cBKS
999 _c21425
_d21425